[Event "Cornella Pinol Memorial 5th"]
[Site "Cornella de Llobregat"]
[Date "2017.10.30"]
[Round "6"]
[White "Carreno Riera, Carles"]
[Black "Oliver Martinez Fornes, Carlos"]
[Result "1-0"]
[WhiteElo "2026"]
[BlackElo "2136"]
[PlyCount "71"]
[EventDate "2017.09.25"]
[EventType "swiss"]
[EventRounds "9"]
[EventCountry "ESP"]
[SourceTitle "CBM 181 Extra"]
[Source "ChessBase"]
[SourceDate "2017.12.12"]
[SourceVersion "1"]
[SourceVersionDate "2017.12.12"]
[SourceQuality "1"]

1. d4 e6 2. c4 d5 3. Nc3 Nf6 4. Nf3 Be7 5. Bf4 0-0 6. e3 c5 7. dxc5 Bxc5 8. Be2 Nc6 9. 0-0 a6 10. a3 dxc4 11. Bxc4 b5 12. Bd3 Bb7 13. Ne4 Be7 14. Nd6 Qb6 15. Nxb7 Qxb7 16. Qe2 h6 17. Rac1 Rac8 18. Rc2 Nh5 19. Rfc1 Na7 20. Bc7 Nf6 21. e4 Ne8 22. Bf4 f6 23. e5 Rxc2 24. Rxc2 f5 25. a4 Nc7 26. Be3 Nd5 27. Nd4 f4 28. Nxe6 fxe3 29. Nxf8 Nf4 30. Qg4 exf2+ 31. Rxf2 Nxd3 32. Qe6+ Kh8 33. Ng6+ Kh7 34. Nxe7 Qa8 35. Qg6+ Kh8 36. Qxd3 1-0

[Event "Cornella de Llobregat Vallve Pinol 3rd"]
[Site "Cornella de Llobregat"]
[Date "2015.11.09"]
[Round "7.6"]
[White "Castrillo Mansego, Pablo"]
[Black "Carreno Riera, Carles"]
[Result "1-0"]
[WhiteElo "2121"]
[BlackElo "2084"]
[PlyCount "79"]
[EventDate "2015.09.21"]
[EventType "swiss"]
[EventRounds "9"]
[EventCountry "ESP"]
[SourceTitle "EXT 2024"]
[Source "ChessBase"]
[SourceDate "2023.10.10"]
[SourceVersion "1"]
[SourceVersionDate "2023.10.10"]
[SourceQuality "1"]

1. e4 c5 2. Nf3 Nc6 3. Bc4 Na5 4. Be2 g6 5. d4 cxd4 6. Qxd4 Nf6 7. e5 Nh5 8. e6 Bg7 9. exf7+ Kf8 10. Bh6 Nc6 11. Bxg7+ Nxg7 12. Qf4 Ne6 13. Qh6+ Kxf7 14. Nc3 Qb6 15. 0-0-0 Qa5 16. Bc4 Ncd8 17. Rhe1 Ke8 18. Nd5 Nf7 19. Qh4 Qd8 20. Rxe6 dxe6 21. Nf6+ exf6 22. Rxd8+ Nxd8 23. Qxf6 Rf8 24. Qg7 Rf7 25. Qg8+ Ke7 26. Ne5 Rxf2 27. Qxh7+ Kd6 28. Nxg6 Rf7 29. Qh8 Nc6 30. h4 Rb8 31. h5 b5 32. Bd3 Bd7 33. Qc3 a5 34. Be4 Rf1+ 35. Kd2 Rbf8 36. Nxf8 Rf2+ 37. Ke3 Rxf8 38. Bxc6 Bxc6 39. Qg7 Rf5 40. h6 1-0

[Event "Cornella de Llobregat Vallve Pinol 3rd"]
[Site "Cornella de Llobregat"]
[Date "2015.10.19"]
[Round "4.5"]
[White "Carreno Riera, Carles"]
[Black "Prats Rodriguez, Juan Bosco"]
[Result "1/2-1/2"]
[WhiteElo "2084"]
[BlackElo "2251"]
[PlyCount "77"]
[EventDate "2015.09.21"]
[EventType "swiss"]
[EventRounds "9"]
[EventCountry "ESP"]
[SourceTitle "EXT 2024"]
[Source "ChessBase"]
[SourceDate "2023.10.10"]
[SourceVersion "1"]
[SourceVersionDate "2023.10.10"]
[SourceQuality "1"]

1. d4 Nf6 2. c4 e6 3. Nc3 Bb4 4. Bd2 0-0 5. Qc2 Nc6 6. Nf3 d6 7. e4 e5 8. d5 Nb8 9. h3 Nbd7 10. 0-0-0 Nc5 11. Na4 Bxd2+ 12. Nxd2 Nxa4 13. Qxa4 Bd7 14. Qb3 Rb8 15. Be2 c6 16. Kb1 b5 17. Qe3 bxc4 18. dxc6 Bxc6 19. Bxc4 Qc7 20. f3 d5 21. exd5 Bxd5 22. Rc1 Qb7 23. Nb3 Rfe8 24. Bxd5 Nxd5 25. Qe4 Nf4 26. Qxb7 Rxb7 27. Rc2 f6 28. Rd1 Ree7 29. Na5 Rbc7 30. Rcd2 Kf7 31. b3 Ke6 32. Rd6+ Kf5 33. Nc4 Nxg2 34. Rg1 Rxc4 35. bxc4 Ne3 36. c5 Rb7+ 37. Kc1 Rc7 38. Kb1 Rb7+ 39. Kc1 1/2-1/2

[Event "Sant Boi op 36th"]
[Site "Sant Boi de Llobregat"]
[Date "2014.05.16"]
[Round "5"]
[White "Carreno Riera, Carles"]
[Black "Vega Rangel, Lluis"]
[Result "1-0"]
[WhiteElo "2074"]
[BlackElo "1970"]
[PlyCount "81"]
[EventDate "2014.04.04"]
[EventType "swiss"]
[EventRounds "9"]
[EventCountry "ESP"]
[SourceTitle "CBM 160 Extra"]
[Source "ChessBase"]
[SourceDate "2014.07.01"]
[SourceVersion "1"]
[SourceVersionDate "2014.07.01"]
[SourceQuality "1"]

1. d4 d6 2. e4 Nf6 3. Nc3 c6 4. h3 g6 5. f4 Bg7 6. Nf3 0-0 7. Bd3 a5 8. Be3 b5 9. a3 Na6 10. Ne2 Bd7 11. 0-0 c5 12. c3 c4 13. Bc2 a4 14. d5 Qc7 15. Ng3 Nc5 16. Bd4 Ne8 17. Bxg7 Nxg7 18. Qd4 Rac8 19. Rae1 e6 20. Qf6 Qd8 21. Qd4 Qc7 22. Re2 Rce8 23. Rfe1 Bc8 24. Nh2 e5 25. fxe5 dxe5 26. Qe3 Qd6 27. Rf1 f6 28. Ref2 Nd7 29. Ng4 h5 30. Nh2 Rf7 31. Bd1 Nf8 32. Nf3 Rc7 33. Qh6 Rd8 34. Nh4 Qc5 35. Nxg6 Nxg6 36. Qxg6 f5 37. exf5 Rd6 38. f6 Rf7 39. Kh1 Qxd5 40. Bc2 e4 41. Bxe4 1-0

[Event "Catalunya-chB"]
[Site "Spain"]
[Date "1996.11.24"]
[Round "8"]
[White "Trias Fernandez, Ramon"]
[Black "Carreno Riera, Carles"]
[Result "0-1"]
[WhiteElo "2030"]
[BlackElo "1985"]
[PlyCount "108"]
[EventDate "1997.??.??"]
[EventType "swiss"]
[EventRounds "8"]
[EventCountry "ESP"]
[SourceTitle "EXT 2003"]
[Source "ChessBase"]
[SourceDate "2002.11.25"]
[SourceVersion "1"]
[SourceVersionDate "2002.11.25"]
[SourceQuality "1"]

1. e4 e5 2. Nf3 Nc6 3. Bb5 Nf6 4. 0-0 d6 5. Re1 Bg4 6. d3 Be7 7. Be3 0-0 8. c4 Qc8 9. Nbd2 Nd8 10. Nf1 c5 11. Ng3 Nc6 12. Bxc6 Qxc6 13. h3 Bd7 14. Nh4 g6 15. Bg5 Kg7 16. Qd2 Ng8 17. Bxe7 Nxe7 18. Qg5 Ng8 19. Ngf5+ Kh8 20. Ne7 Nxe7 21. Qxe7 f6 22. b4 Rae8 23. b5 Qc7 24. Qxf8+ Rxf8 25. Re3 g5 26. Nf3 h5 27. Nh2 Qa5 28. a4 a6 29. Ree1 Rb8 30. Nf1 Qc7 31. Ne3 Be6 32. Red1 Kg7 33. Kh2 Kg6 34. Kg1 Qd7 35. Kh2 f5 36. exf5+ Bxf5 37. Kg1 Rf8 38. Nd5 Be6 39. Ne3 Qf7 40. Ra2 Qf6 41. bxa6 bxa6 42. Rb1 g4 43. hxg4 hxg4 44. Rb6 Qe7 45. Rab2 Rh8 46. Rxa6 Qh4 47. Kf1 Qh1+ 48. Ke2 Qa1 49. Nd1 Rh1 50. Rd2 Qd4 51. a5 e4 52. Nb2 exd3+ 53. Rxd3 Qxb2+ 54. Ke3 Re1+ 0-1

[Event "Catalunya-chB"]
[Site "Spain"]
[Date "1996.11.10"]
[Round "6"]
[White "Carreno Riera, Carles"]
[Black "Parellada Diaz, Adria"]
[Result "1/2-1/2"]
[WhiteElo "1985"]
[BlackElo "2000"]
[PlyCount "75"]
[EventDate "1997.??.??"]
[EventType "swiss"]
[EventRounds "8"]
[EventCountry "ESP"]
[SourceTitle "EXT 2003"]
[Source "ChessBase"]
[SourceDate "2002.11.25"]
[SourceVersion "1"]
[SourceVersionDate "2002.11.25"]
[SourceQuality "1"]

1. d4 Nf6 2. c4 e6 3. Nc3 Bb4 4. Qc2 c5 5. a3 Bxc3+ 6. bxc3 Nc6 7. Nf3 d6 8. e4 e5 9. d5 Na5 10. Bg5 b6 11. Bd3 Ba6 12. 0-0 0-0 13. Nd2 h6 14. Bxf6 Qxf6 15. g3 g5 16. Kg2 Kg7 17. f3 Rh8 18. Rh1 Rag8 19. Qa4 Qe7 20. Nf1 Kf8 21. Ne3 Bc8 22. g4 h5 23. Raf1 hxg4 24. fxg4 Rh4 25. h3 Rgh8 26. Nf5 Bxf5 27. Rxf5 R4h6 28. Rhf1 R8h7 29. R5f3 f6 30. Rh1 Qe8 31. Qxe8+ Kxe8 32. Rb1 Ke7 33. Bf1 Kd7 34. Kf2 Kc7 35. Ke3 Nb7 36. Rb2 Rh8 37. Rbf2 Rf8 38. Rf5 1/2-1/2